000 00686nam a2200277 a 4500
003 AR-BaBNM
005 20251128203936.0
008 082120s2002 ||||||||||||||000 | spa||
020 _a84-7046-117-6
040 _cAR-BaBNM
100 1 _aTraversoni, Alfredo
245 0 0 _aEl mundo contemporáneo
_n2
250 _a2ª ed.
260 _aMadrid
_bCincel-Kapelusz
_c1979
300 _a103 p.
490 0 _aCuadernos de estudio. Historia universal
650 4 _aHISTORIA
650 4 _aSIGLO DIECINUEVE
650 4 _aSIGLO VEINTE
650 4 _aPAISES EN DESARROLLO
650 4 _aTERRORISMO
651 4 _aURSS
651 4 _aJapón
651 4 _aAmérica Latina
942 _cBK
999 _c5556
_d5556